<?xml version="1.0" encoding="UTF-8"?>
<record
    xmlns:xsi="http://www.w3.org/2001/XMLSchema-instance"
    xsi:schemaLocation="http://www.loc.gov/MARC21/slim http://www.loc.gov/standards/marcxml/schema/MARC21slim.xsd"
    xmlns="http://www.loc.gov/MARC21/slim">

  <leader>00431nam a2200169Ia 4500</leader>
  <controlfield tag="008">230711s9999||||xx |||||||||||||| ||und||</controlfield>
  <datafield tag="020" ind1=" " ind2=" ">
    <subfield code="a">978-81-203-3270-6</subfield>
  </datafield>
  <datafield tag="041" ind1=" " ind2=" ">
    <subfield code="a">ENG</subfield>
  </datafield>
  <datafield tag="082" ind1=" " ind2=" ">
    <subfield code="a">621.395</subfield>
    <subfield code="b">ME-P</subfield>
  </datafield>
  <datafield tag="100" ind1=" " ind2=" ">
    <subfield code="a">Meena,K</subfield>
  </datafield>
  <datafield tag="245" ind1=" " ind2="0">
    <subfield code="a">Principles of Digital Electronics</subfield>
  </datafield>
  <datafield tag="250" ind1=" " ind2=" ">
    <subfield code="a">4th Ed.</subfield>
  </datafield>
  <datafield tag="260" ind1=" " ind2=" ">
    <subfield code="c">2009</subfield>
    <subfield code="a">New Delhi</subfield>
    <subfield code="b">PHI Learning Private Limited</subfield>
  </datafield>
  <datafield tag="300" ind1=" " ind2=" ">
    <subfield code="a">267p.</subfield>
  </datafield>
  <datafield tag="650" ind1=" " ind2=" ">
    <subfield code="a">Electronics Engineering</subfield>
  </datafield>
  <datafield tag="942" ind1=" " ind2=" ">
    <subfield code="c">BK</subfield>
  </datafield>
  <datafield tag="952" ind1=" " ind2=" ">
    <subfield code="0">0</subfield>
    <subfield code="1">0</subfield>
    <subfield code="4">0</subfield>
    <subfield code="7">0</subfield>
    <subfield code="8">C</subfield>
    <subfield code="a">MCL</subfield>
    <subfield code="b">MCL</subfield>
    <subfield code="d">2043-08-04</subfield>
    <subfield code="e">Krishna Book Distributors</subfield>
    <subfield code="g">275.00</subfield>
    <subfield code="i">KBD/2017-2018/1019143059</subfield>
    <subfield code="l">0</subfield>
    <subfield code="o">621.395 ME-P</subfield>
    <subfield code="p">39271</subfield>
    <subfield code="r">2023-08-17 14:05:44</subfield>
    <subfield code="w">2023-08-17</subfield>
    <subfield code="y">BK</subfield>
  </datafield>
  <datafield tag="952" ind1=" " ind2=" ">
    <subfield code="0">0</subfield>
    <subfield code="1">0</subfield>
    <subfield code="4">0</subfield>
    <subfield code="7">0</subfield>
    <subfield code="8">C</subfield>
    <subfield code="a">MCL</subfield>
    <subfield code="b">MCL</subfield>
    <subfield code="d">2043-08-04</subfield>
    <subfield code="e">Krishna Book Distributors</subfield>
    <subfield code="g">275.00</subfield>
    <subfield code="i">KBD/2017-2018/1019143059</subfield>
    <subfield code="l">0</subfield>
    <subfield code="o">621.395 ME-P</subfield>
    <subfield code="p">39272</subfield>
    <subfield code="r">2023-09-04 16:22:37</subfield>
    <subfield code="w">2023-08-17</subfield>
    <subfield code="y">BK</subfield>
  </datafield>
  <datafield tag="952" ind1=" " ind2=" ">
    <subfield code="0">0</subfield>
    <subfield code="1">0</subfield>
    <subfield code="4">0</subfield>
    <subfield code="7">0</subfield>
    <subfield code="8">C</subfield>
    <subfield code="a">MCL</subfield>
    <subfield code="b">MCL</subfield>
    <subfield code="d">2043-08-04</subfield>
    <subfield code="e">Krishna Book Distributors</subfield>
    <subfield code="g">275.00</subfield>
    <subfield code="i">KBD/2017-2018/1019143059</subfield>
    <subfield code="l">11</subfield>
    <subfield code="m">1</subfield>
    <subfield code="o">621.395 ME-P</subfield>
    <subfield code="p">39273</subfield>
    <subfield code="r">2025-04-01 09:24:32</subfield>
    <subfield code="s">2025-02-05</subfield>
    <subfield code="w">2023-08-17</subfield>
    <subfield code="y">BK</subfield>
  </datafield>
  <datafield tag="952" ind1=" " ind2=" ">
    <subfield code="0">0</subfield>
    <subfield code="1">0</subfield>
    <subfield code="4">0</subfield>
    <subfield code="7">0</subfield>
    <subfield code="8">C</subfield>
    <subfield code="a">MCL</subfield>
    <subfield code="b">MCL</subfield>
    <subfield code="d">2043-08-04</subfield>
    <subfield code="e">Krishna Book Distributors</subfield>
    <subfield code="g">275.00</subfield>
    <subfield code="i">KBD/2017-2018/1019143059</subfield>
    <subfield code="l">3</subfield>
    <subfield code="o">621.395 ME-P</subfield>
    <subfield code="p">39274</subfield>
    <subfield code="r">2025-12-08 11:02:19</subfield>
    <subfield code="s">2025-10-28</subfield>
    <subfield code="w">2023-08-17</subfield>
    <subfield code="y">BK</subfield>
  </datafield>
  <datafield tag="952" ind1=" " ind2=" ">
    <subfield code="0">0</subfield>
    <subfield code="1">0</subfield>
    <subfield code="4">0</subfield>
    <subfield code="7">0</subfield>
    <subfield code="8">C</subfield>
    <subfield code="a">MCL</subfield>
    <subfield code="b">MCL</subfield>
    <subfield code="d">2043-08-04</subfield>
    <subfield code="e">Krishna Book Distributors</subfield>
    <subfield code="g">275.00</subfield>
    <subfield code="i">KBD/2017-2018/1019143059</subfield>
    <subfield code="l">2</subfield>
    <subfield code="o">621.395 ME-P</subfield>
    <subfield code="p">39275</subfield>
    <subfield code="r">2025-12-30 11:49:18</subfield>
    <subfield code="s">2025-12-04</subfield>
    <subfield code="w">2023-08-17</subfield>
    <subfield code="y">BK</subfield>
  </datafield>
  <datafield tag="999" ind1=" " ind2=" ">
    <subfield code="c">6613</subfield>
    <subfield code="d">6613</subfield>
  </datafield>
</record>
